Une pensée devenue monde (Record no. 18157)

MARC details
000 -LEADER
campo de control de longitud fija 00681nam a2200241 i 4500
001 - NÚMERO DE CONTROL
campo de control 18157
003 - IDENTIFICADOR DE NÚMERO DE CONTROL
campo de control ES-MaACL
005 - FECHA Y HORA DE LA ÚLTIMA TRANSACCIÓN
campo de control 20250330062525.0
007 - CAMPO FIJO DE DESCRIPCIÓN FÍSICA--INFORMACIÓN GENERAL
campo de control de longitud fija t|
008 - DATOS DE LONGITUD FIJA--INFORMACIÓN GENERAL
campo de control de longitud fija 011001s1980 fr ||||1| fre d
020 ## - NÚMERO INTERNACIONAL ESTÁNDAR DEL LIBRO
Número Internacional Estándar del Libro 2-213-00856-6
080 ## - NÚMERO DE LA CLASIFICACIÓN DECIMAL UNIVERSAL
Número de la Clasificación Decimal Universal 32 Marx, Karl
080 ## - NÚMERO DE LA CLASIFICACIÓN DECIMAL UNIVERSAL
Número de la Clasificación Decimal Universal 330.852
100 1# - ENTRADA PRINCIPAL--NOMBRE DE PERSONA
Nombre de persona Lefebvre, Henri.
9 (RLIN) 71225
245 14 - MENCIÓN DEL TÍTULO
Título Une pensée devenue monde
Resto del título : fault-il abandonner Marx ? /
Mención de responsabilidad, etc. Henri Lefebvre.
260 ## - PUBLICACIÓN, DISTRIBUCIÓN, ETC.
Lugar de publicación, distribución, etc. Paris :
Nombre del editor, distribuidor, etc. Fayard,
Fecha de publicación, distribución, etc. [1980]
300 ## - DESCRIPCIÓN FÍSICA
Extensión 263 p. ;
Dimensiones 24 cm.
500 ## - NOTA GENERAL
Nota general Biblioteca Juan Andrade.
600 14 - PUNTO DE ACCESO ADICIONAL DE MATERIA--NOMBRE DE PERSONA
Nombre de persona Marx, Karl,
Fechas asociadas al nombre 1818-1883
9 (RLIN) 78590
650 14 - PUNTO DE ACCESO ADICIONAL DE MATERIA--TÉRMINO DE MATERIA
Término de materia o nombre geográfico como elemento de entrada Marxismo.
9 (RLIN) 14803
852 ## - LOCALIZACIÓN
Ubicación ES-MaACL
Número de control de estantería AND-95
Sublocalización o colección R.109420
Holdings
Estatus retirado Estado de pérdida Estado de daño No para préstamo Biblioteca de origen Biblioteca actual Ubicación en estantería Fecha de adquisición Fuente de adquisición Total de préstamos Signatura topográfica completa Código de barras Visto por última vez Precio de reemplazo Tipo de ítem Koha
        Biblioteca del Ateneo de Madrid Biblioteca del Ateneo de Madrid Depósito 2 17/01/2008     AND-95 1018561 23/02/2023 23/02/2023 Libro impreso